000 01809nam a22002897a 4500
003 OSt
005 20250718124718.0
008 231220b |||||||| |||| 00| 0 eng d
020 _a9789584219831
037 _3Donación
040 _aCO-JMCR
_cCO-JMCR
_dCO-JMCR
_erda
041 _aspa
082 _aA-C
_bABAa
100 _aAbad Faciolince, Héctor Joaquín
_eautor
_943118
245 _aEl amanecer de un marido /
_cHéctor Abad Faciolince
260 _aBogotá :
_bPlaneta,
_c2008
300 _a225 páginas;
_c23 cm.
490 _aSeix barral
500 _aIncluye datos biográficos del autor
505 _tÁlbum
_tLa fiebre en Tolú
_tEn medio del camino de la vida
_tEl amanecer de un marido
_tMemorial de agravios
_tAlguien oculta algo
_tMantis religiosa
_tBalada del viejo pendejo
_tJuventud, divino tesoro
_tEl verbo divino
_tLa guaca
_tLa señorita Antioquia
_tNovena
_tEl sosia
_tVolver
_tMientras tanto
520 _a"El amor y el deseo de los primeros años de matrimonio terminan por extinguirse y en su lugar van apareciendo los silencios, las mentiras, un cariño soso que sabe a poco y la infidelidad. Con sus secretos a cuestas y sus verdades afiladas como cuchillos, los personajes de este libro se parecen más a la realidad que a la ficción. Y por eso sus historias hieren. El amanecer de un marido es una recreación honesta, y no por ello menos dolorosa, del tedio que se instala entre dos personas después de años de convivencia. En estas páginas, las relaciones maritales son retratadas en su ocaso desde una mirada sensible y con la violencia en Colombia como telón de fondo."
521 _aAdultos
650 _2JMCR
_aCuentos colombianos
650 _2JMCR
_aLiteratura colombiana
650 _2JMCR
_aRelaciones de pareja
_vNovela
_943119
942 _2ddc
_cBK
999 _c30485
_d16869